000 00339nam a2200133Ia 4500
008 220216s9999 xx 000 0 und d
100 _aJenkins R O
245 0 _aRubber: Introduction and expansion with special reference to Malaya
260 _bPlanter
_c1955
300 _a125-130
650 _aMalaya
650 _aRubber
942 _cJS
999 _c68181
_d68181